00864njm a22002417a 45000050016000000070015000160080041000310280022000720350013000940400013001071000015001202450116001352460071002512600029003223000093003515000017004445000027004615050050004886000015005386500038005537000016005917000015006072010091703143.0sd ammalaaahaa100913t xxu||||| |||| 00| 0 hin d a2392 932bPolydor aGR-03156 aSEDcSED aMohd. Rafi aYe duniya mere kam ki nahin /cby Mohd. Rafi ; music by Madan Mohan ; lyrics by Kaifi Azmih[sound recording] : aये दुनिया मेरे कम की नहीं  aDum Dum IndiabEMIc1970 a1 sound disc [Gramophone record] :banalog, 33 1/3 rpmc12.5 in. (LP)fGramophone Record aBrief Record aRecord label :EMI, Red aSide-2 (Suhani raat dhal chuki ) (Mohd. Rafi) 2Mohd. Rafi aHindi Film SongsxExcerptszIndia aMadan Mohan aKaifi Azmi